रामचरितमानस / (Record no. 121880)

MARC details
000 -LEADER
fixed length control field 00815nam a22002297a 4500
005 - DATE AND TIME OF LATEST TRANSACTION
control field 20170124103221.0
010 ## - LIBRARY OF CONGRESS CONTROL NUMBER
LC control number B-024092
020 ## - INTERNATIONAL STANDARD BOOK NUMBER
Terms of availability 00.00
035 ## - SYSTEM CONTROL NUMBER
System control number B-024092
037 ## - SOURCE OF ACQUISITION
Source of stock number/acquisition Cen Lib/Ret
040 ## - CATALOGING SOURCE
Original cataloging agency DPL
Language of cataloging HN
082 ## - DEWEY DECIMAL CLASSIFICATION NUMBER
Classification number 821
Item number तुलसी
100 ## - MAIN ENTRY--PERSONAL NAME
Personal name तुलसीदास
9 (RLIN) 101537
245 ## - TITLE STATEMENT
Title रामचरितमानस /
Statement of responsibility, etc तुलसीदास
246 ## - VARYING FORM OF TITLE
Title proper/short title Ramcharitmanas /
Remainder of title by Tulsidas
300 ## - PHYSICAL DESCRIPTION
Extent 468पृ.
Dimensions 22सेमी(सजिल्द)
650 ## - SUBJECT ADDED ENTRY--TOPICAL TERM
Topical term or geographic name as entry element साहित्य -- रामचरितमानस
9 (RLIN) 1792
650 ## - SUBJECT ADDED ENTRY--TOPICAL TERM
Topical term or geographic name as entry element हिंदी -- रामचरितमानस
9 (RLIN) 101538
650 ## - SUBJECT ADDED ENTRY--TOPICAL TERM
Topical term or geographic name as entry element Literature -- Ramcharitmanas
9 (RLIN) 97443
650 ## - SUBJECT ADDED ENTRY--TOPICAL TERM
Topical term or geographic name as entry element Hindi -- Ramcharitmanas
9 (RLIN) 97444
942 ## - ADDED ENTRY ELEMENTS (KOHA)
Source of classification or shelving scheme Dewey Decimal Classification
Koha item type Hindi Books
Classification part 821
Call number suffix तुलसी
Holdings
Withdrawn status Lost status Damaged status Not for loan Home library Current library Date acquired Source of acquisition Cost, normal purchase price Total Checkouts Full call number Barcode Date last seen Copy number Cost, replacement price Price effective from Koha item type
        Central Library Central Library 13/10/2015 Cen Lib/Ret 0.00   821 तुलसी B-024092 13/10/2015 1 0.00 13/10/2015 Hindi Books

© Delhi Public Library
Hit Counter
free hit counter